000 01468cam a2200313 a 4500
001 15176772
003 OSt
005 20210520141400.0
008 080211s2009 caua b 001 0 eng
010 _a 2007908774
020 _a9780495601609 (pbk.)
020 _a0495601608 (pbk.)
040 _aDLC
_cDLC
_dDLC
043 _an-us---
050 0 0 _aHV9950.G35
082 0 0 _a364.973
_222
100 1 _aGaines, Larry K.
245 1 0 _aCriminal justice in action. /
_cLarry K. Gaines, Roger LeRoy Miller.
250 _a5th ed.
260 _aBelmont, CA:
_bThomson Wadsworth,
_c2009.
300 _a1 v. (various pagings) :
_bill. (some col.) ;
_c29 cm.
504 _aIncludes bibliographical references and index.
505 _aContents: Criminal justice -- Causes of crime -- Defining and measuring crime -- Inside criminal law - Law enforcement today -- Challenges to effective policing -- Police and the constitution -- Courts and the quest for justice -- Pretrial procedures and the criminal trial -- Probation and community corrections -- Prisons and jails -- The juvenile justice system -- Homeland security and the future of criminal justice --
650 0 _aCriminal justice, Administration of
_zUnited States.
700 1 _aMiller, Roger LeRoy.
906 _a7
_bcbc
_corigcop
_d2
_eopcn
_f20
_gy-gencatlg
942 _2lcc
_cBK
999 _c7595
_d15095